Filiazione legittima o illegittima?

Saved in:  
Bibliographic Details
Main Author: Rebuttati, Carlo (Author)
Format: Print Article
Language:Italian
Check availability: HBZ Gateway
Interlibrary Loan:Interlibrary Loan for the Fachinformationsdienste (Specialized Information Services in Germany)
Published: 1947
In: Il diritto ecclesiastico
Year: 1947, Volume: 58, Pages: 3-25

MARC

LEADER 00000naa a22000002c 4500
001 1650360711
003 DE-627
005 20190311204154.0
007 tu
008 190311s1947 xx ||||| 00| ||ita c
035 |a (DE-627)1650360711 
035 |a (DE-576)519363280 
035 |a (DE-599)BSZ519363280 
040 |a DE-627  |b ger  |c DE-627  |e rakwb 
041 |a ita 
084 |a 1  |2 ssgn 
100 1 |a Rebuttati, Carlo  |4 aut 
245 1 0 |a Filiazione legittima o illegittima? 
264 1 |c 1947 
336 |a Text  |b txt  |2 rdacontent 
337 |a ohne Hilfsmittel zu benutzen  |b n  |2 rdamedia 
338 |a Band  |b nc  |2 rdacarrier 
773 0 8 |i In  |t Il diritto ecclesiastico  |d Pisa : Serra, 1923  |g 58(1947), Seite 3-25  |w (DE-627)166496715  |w (DE-600)205529-6  |w (DE-576)014879948  |x 0391-2191  |7 nnas 
773 1 8 |g volume:58  |g year:1947  |g pages:3-25 
935 |a KALD 
951 |a AR 
CAN |a 1 
ELC |b 1 
ITA |a 1  |t 1 
LOK |0 000 xxxxxcx a22 zn 4500 
LOK |0 001 3336685354 
LOK |0 003 DE-627 
LOK |0 004 1650360711 
LOK |0 005 20191125154522 
LOK |0 008 190311||||||||||||||||ger||||||| 
LOK |0 035   |a (DE-Tue135-1)144330 
LOK |0 040   |a DE-Tue135-1  |c DE-627  |d DE-Tue135-1 
LOK |0 852   |a DE-Tue135-1 
LOK |0 852 1  |c FTHKR097871/58/RIC  |m p  |9 00 
LOK |0 852 2  |b FTH Z5-158  |9 00 
LOK |0 935   |a iZSA 
LOK |0 938   |k p 
LOK |0 939   |a 11-03-19  |b l01 
ORI |a SA-MARC-ixtheoa001.raw 
SUB |a CAN